000 00440nam a22001577a 4500
999 _c60577
_d60577
005 20230911153156.0
008 230911s1972 enk||||| |||| 00| 0 eng d
041 _aeng
080 _a572 M-17
100 _aMorris, Margery
_919796
245 _aHow Man Became
_cMargery Morris.
264 _aBaltimore,
_c1972.
300 _a48 p:
_bill;.
_c21 cm.
653 _aროგორ გახდა ადამიანი
942 _2udc
_cBK